000 00237nam a22000857a 4500
008 160705b xxu||||| |||| 00| 0 eng d
100 _92094
_a Anand, M.R
245 _aSome Street Games of India
260 _aNew Delhi
_bNational Book Trust
_c1983
999 _c1789
_d1789